|
|
|
|
| LEADER |
00844nab a2200229 i 4500 |
| 001 |
publ37488 |
| 005 |
20250827085724.0 |
| 008 |
250827s2025 hu o 000 eng d |
| 022 |
|
|
|a 0264-2751
|
| 024 |
7 |
|
|a 10.1016/j.cities.2025.106120
|2 doi
|
| 024 |
7 |
|
|a 36178900
|2 mtmt
|
| 040 |
|
|
|a SZTE Publicatio Repozitórium
|b hun
|
| 041 |
|
|
|a eng
|
| 100 |
1 |
|
|a Lukovics Miklós
|
| 245 |
1 |
0 |
|a Assessing the readiness of Hungarian cities for autonomous vehicles
|h [elektronikus dokumentum] /
|c Lukovics Miklós
|
| 260 |
|
|
|c 2025
|
| 300 |
|
|
|a 14
|
| 490 |
0 |
|
|a CITIES: THE INTERNATIONAL JOURNAL OF URBAN POLICY AND PLANNING
|v 165
|
| 650 |
|
4 |
|a Közgazdasági és gazdálkodástudományok
|
| 700 |
0 |
1 |
|a Kovács Péter
|e aut
|
| 700 |
0 |
1 |
|a Smahó Melinda
|e aut
|
| 856 |
4 |
0 |
|u http://publicatio.bibl.u-szeged.hu/37488/1/1-s2.0-S0264275125004202-main.pdf
|z Dokumentum-elérés
|